000 00715nam a22001217a 4500
040 _cRUA
082 _aCAR LOR 2021 C332 Or.
100 _aឡោ ប៊ុណ្ណា
245 _aSummary report on main achievements of agriculture research and technology development in 2020 and strategic directions for 2021,របាយការណ៍សង្ខេបសមិទ្ធផលនៃការស្រាវជ្រាវ និងអភិវឌ្ឍន៍បច្ចេកវិទ្យាកសិកម្មឆ្នាំ ២០២០​ និងទិសដៅសម្រាប់ឆ្នាំ ២០២១
260 _aphnom penh
_brua
_c2021
300 _aiii.38p.
_bill.
_c29cm.
942 _cREC
999 _c22066
_d22066